Un catolicismo para el siglo XXI /
Guardat en:
| Autor principal: | |
|---|---|
| Format: | Text |
| Matèries: | |
| Etiquetes: |
Afegir etiqueta
Sense etiquetes, Sigues el primer a etiquetar aquest registre!
|
MARC
| LEADER | 00000 a a2200000 04500 | ||
|---|---|---|---|
| 001 | 3739 | ||
| 003 | |||
| 040 | |||
| 100 | |a Guimaraes Pereira, María Helena | ||
| 245 | |a Un catolicismo para el siglo XXI / |c María Helena Guimaraes Pereira | ||
| 500 | |a Tomado de: ADITAL, Agencia de Información Frei Tito para la América Latina, Brasil, 3 de abril de 2002.www.adital.org.br | ||
| 650 | |a RELIGION | ||
| 650 | |a IGLESIA CATOLICA | ||
| 650 | |a LIBERACION | ||
| 650 | |a JUSTICIA SOCIAL | ||
| 650 | |a GLOBALIZACION | ||
| 650 | |a GRUPOS POPULARES | ||
| 773 | |g número 185 -186; páginas 29-38 | ||
| 999 | |c 34538 |d 34538 | ||
